01698nam a2200301 i 450000100060000000300090000600500170001500700030003200800410003502000180007608000120009408000080010624501700011425000120028426000390029630000290033550400200036450506320038459500560101665000350107265100290110770000410113670000270117770000250120485200250122999900170125495201250127180213ES-MaACL20230906174150.0t|041027m19801984sp ||||1| spa d a84-7426-078-7 a008(38) a93800aHistoria y civilización de los griegos / cdirector, Ranuccio Bianchi Bandinelli ; redactores, Luigi Moretti ... [et al.] ; [traducción, Pepa Gasull ... et al.]. a1ª ed. aBarcelona : bIcaria, c1980-1984. a10 v. : bil. ; c24 cm. aBibliografía.8 aContiene: I. Orígenes y desarrollo de la ciudad: el medioevo griego -- II. Orígenes y desarrollo de la ciudad: el arcaísmo -- III. Grecia en la época de Pericles: historia, literatura, filosofía -- IV. Grecia en la época de Pericles: las artes figurativas -- V. La crisis de la polis: historia, literatura, filosofía -- VI. La crisis de la polis: arte, religión, música -- VII. La sociedad helenística: marco político -- VIII. La sociedad helenística: economía, derecho, religión -- IX. La cultura helenística: filosofía, ciencia, literatura -- X. La cultura helenísitca: las artes figurativas aEd. homenaje a Jaume Berenguer i Amenos (1916-1974) 4aCivilización griega.9137206 4aGrecia-xHistoria.987771 aBianchi Bandinelli, Ranuccio.9287471 aMoretti, Luigi.9834881 aGasull, Pepa.955952 aES-MaACLjL-10038-47 c80213d80213 00104070aATENEOMbATENEOMcDEPO2d2008-01-17eSCl0oL-10038-47p1083868r2023-02-23 00:00:00w2023-02-23yMONOGRAFIA